000
00314 a2200145 4500
001
150875
040
_c
Escola São Tomás de Aquino
100
_a
MONTORO, Suzana
240
1
0
_a
Em busca da sombra
_l
por
245
1
0
_a
Em busca da sombra
300
_a
69
362
0
_a
2007
697
_a
Psicologia
942
_c
BK
999
_c
150875
_d
150875